|
|
|
|
| LEADER |
00000nam0a2200000 4500 |
| 001 |
196698 |
| 005 |
20231101224717.0 |
| 010 |
|
|
|a 9785903178254
|
| 035 |
|
|
|a (RuTPU)RU\TPU\book\214575
|
| 090 |
|
|
|a 196698
|
| 100 |
|
|
|a 20110527d2011 m y0rusy50 ca
|
| 101 |
0 |
|
|a rus
|
| 102 |
|
|
|a RU
|
| 105 |
|
|
|a a j 001zy
|
| 200 |
1 |
|
|a Основы технологии машиностроения
|e учебное пособие
|f В. Л. Кулыгин, И. А. Кулыгина
|
| 210 |
|
|
|a Москва
|c Бастет
|d 2011
|
| 215 |
|
|
|a 168 с.
|c ил.
|
| 320 |
|
|
|a Библиогр.: с. 164.
|
| 330 |
|
|
|a В учебном пособии рассматриваются вопросы базирования заготовок при механической обработке, точность обработки деталей и причины возникновения различных погрешностей, методы их исследования и расчётов, качество поверхностного слоя обработанных деталей и его влияние на эксплуатационные показатели машин, вопросы построения размерных цепей, основы технического нормирования операций механической обработки, технологические процессы сборки. Пособие рекомендуется для студентов направлений 150900, 151000, специальностей 151001, 151002, 151003, 220501 и других технологических и конструкторских специальностей.
|
| 606 |
1 |
|
|a Технология машиностроения
|2 stltpush
|3 (RuTPU)RU\TPU\subj\60151
|9 77640
|
| 610 |
1 |
|
|a машиностроение
|
| 610 |
1 |
|
|a понятия
|
| 610 |
1 |
|
|a определения
|
| 610 |
1 |
|
|a базы в машиностроении
|
| 610 |
1 |
|
|a базирование
|
| 610 |
1 |
|
|a детали
|
| 610 |
1 |
|
|a обработка
|
| 610 |
1 |
|
|a детали машин
|
| 610 |
1 |
|
|a машины
|
| 610 |
1 |
|
|a поверхности
|
| 610 |
1 |
|
|a расчеты
|
| 610 |
1 |
|
|a прогнозирование
|
| 610 |
1 |
|
|a поверхностный слой
|
| 610 |
1 |
|
|a состояние
|
| 610 |
1 |
|
|a физико-механические свойства
|
| 610 |
1 |
|
|a размерные цепи
|
| 610 |
1 |
|
|a размерный анализ
|
| 610 |
1 |
|
|a виды
|
| 610 |
1 |
|
|a нормирование труда
|
| 610 |
1 |
|
|a сборка
|
| 610 |
1 |
|
|a технологические процессы
|
| 610 |
1 |
|
|a механизация
|
| 610 |
1 |
|
|a автоматизация
|
| 610 |
1 |
|
|a учебные пособия
|
| 610 |
1 |
|
|a точность
|
| 610 |
1 |
|
|a качество
|
| 675 |
|
|
|a 621.002(075.8)
|v 3
|
| 700 |
|
1 |
|a Кулыгин
|b В. Л.
|g Виктор Леонидович
|
| 701 |
|
1 |
|a Кулыгина
|b И. А.
|g Ирина Агафангеловна
|
| 801 |
|
1 |
|a RU
|b 63413507
|c 20110527
|
| 801 |
|
2 |
|a RU
|b 63413507
|c 20140930
|g RCR
|
| 900 |
|
|
|a Основы технологии машиностроения
|
| 900 |
|
|
|a Процессы механической и физико-технической обработки
|
| 942 |
|
|
|c BK
|
| 951 |
|
|
|b 151900
|b 150700
|
| 959 |
|
|
|a 44/20110427
|d 5
|e 280,00
|f ЧЗТЛ:1
|f АНЛ:1
|f УФ:3
|